00838nam a2200253Ia 4500003000900000008004100009020001800050040001600068080001200084100002300096245007500119260003500194300001500229650003100244650002700275650002900302650002900331650002800360700002400388700001800412942000700430999001700437952013000454IN-BaIIA211028s9999 xx 000 0 eng d a0-12-774811-3 cIIA Library a535bYU aYu, F. T. S926182 0aIntroduction to information opticscF.T.S. Yu, S. Jutamulia and S. Yin aNew YorkbAcademic Pressc2001 axiv, 734p. aEntropy Information926183 aOptical Storage918212 aOptical Switching926184 aOpticalNetworking926185 aSignal Processing93537 aJutamulia, S926186 aYin, S926187 cBK c14670d14670 00104070aBANbBANcGENd2002-06-12eSB g5167.42l0o535/ YUp15592r2021-11-05v5167.42w2002-06-12yBKGRs. 5167.42